Регионална библиотека "Любен Каравелов" - Русе

Жозеф-Морис Равел (Запис номер 80006)

MARC детайли
000 -Лидер
Контролно поле с фиксирана дължина 01782nam a2200421 c 4500
003 - Код на организацията, давaща контролен номер
Контролно поле BLK
005 - Дата и час на последна редакция
Контролно поле 20230802121544.0
008 - Елементи от данни с фиксирана дължина
fixed length control field 180408b bul|||||r ||||||| ||bul||
010 ## - Наследен системен номер
LC control number KNG00084490000
020 ## - Международен стандартен номер на книга ISBN
Международен стандартен номер на книга ISBN 978-83-60395-21-9
-- издат.: Mediasat Poland Sp.
020 ## - Международен стандартен номер на книга ISBN
Международен стандартен номер на книга ISBN 978-84-9819-890-4
-- издат.: Mediasat Poland Sp. - (серия)
040 ## - Източник на каталожния запис
Идентификатор на билиотеката - собственик на записа BLK
041 ## - Код за език
Код за езика на текст/звукозапис или на отделно заглавие Български
Код за езика КДБФ Български
080 ## - УДК
Текстов определител УДК Музиканти-творци, композитори
УДК код - определител по УДК 78.071.1
УДК определител (44)(092)
УДК - код + определител 78.071.1(44)(092)
080 ## - УДК
Текстов определител УДК
УДК код - определител по УДК 929 Равел, Морис
УДК определител
УДК - код + определител 929 Равел, Морис
100 1# - Редна дума - Автор
Автор Кобилка, Мартина
Авторска отговорност първи автор
R(LIN) 79938
139 ## - Редно поле
Редна дума Кобилка, Мартина
Авторски знак Р - Р 11
245 10 - Сведения за заглавието
Заглавие Жозеф-Морис Равел
Редно поле (дума) Мартина Кобилка; прев. от фр. Ваня Манчева-Вичик; ред. Лъчезар Каранлъков.
257 ## - Страна на издаване
Страна на създаване/издаване Франция
260 ## - Област на издателските данни
-- Краков
Име на издателя, разпространителя и проч. Mediasat Poland Sp.
Година на издаване 2008
Печатница Отпеч. ЕС
300 ## - Физическа характеристика
Страници 43 с.
Илюстрации и др. с ил.
Размери/Мащаб 13Х14 см
Съпровождащи материали CD
380 ## - Жанр
Жанр Изкуство
490 1# - СЕРИИ (Колекции)
Име на серия Шедьоври на класиката
№: серия 21
500 ## - Общи забележки
Забележка Кн. е с CD 1772.
600 14 - Име на лице, използвано като предмет
За него / За нея Равел, Морис
9 (RLIN) 113812
650 #4 - Допълнително описание по предмет – тема
Основно описание – тема или топоним Композитори, френски
9 (RLIN) 256945
651 #4 - Допълнително описание по предмет - топоним
Географско понятие Франция
9 (RLIN) 179722
653 ## - Ключова дума – ненормативна
Ключова дума Морис Равел
653 ## - Ключова дума – ненормативна
Ключова дума френски композитори
700 1# - Други автори (авторска отговорност)
Лично име Манчева-Вичик, Ваня
Автороска отговорност (Описва отношението между автора и произведението) прев. от фр.
9 (RLIN) 372275
700 1# - Други автори (авторска отговорност)
Лично име Каранлъков, Лъчезар Тодоров
Дати, свързани с автора 1943-2022
Автороска отговорност (Описва отношението между автора и произведението) ред.
9 (RLIN) 76810
852 ## - Местоположение
Форматна сигнатура Цб І 33053
856 4# - Електронен адрес и достъп
Електронен формат pdf - файл
Път до файла /url/
856 4# - Електронен адрес и достъп
Електронен формат pdf - файл
Път до файла /url/
942 ## - АРТИКУЛИ
Вид на библиотечния материал Книги
Скрит в OPAC Не
944 ## - СЪЗДАВАНЕ И РЕДАКЦИЯ на ЗАПИСА
Създаване/Редакция Създаване
Дата на регистрацията/редакция 16.07.2008
Служител, извършил регистрацията/редакцията 30556
Статус, дата на статуса Теодора Пейчева-Дянкова
944 ## - СЪЗДАВАНЕ И РЕДАКЦИЯ на ЗАПИСА
Създаване/Редакция Редакция
Дата на регистрацията/редакция 08.01.2018
Служител, извършил регистрацията/редакцията Ирена_Линкова
999 ## - СИСТЕМНИ КОНТРОЛНИ НОМЕРА
Koha biblionumber 80006
Koha biblioitemnumber 80006
Наличности
Код за отписване Код за изгубен артикул Източник на класификационната схема Код за повреда Коз за рестрикции Код за отдаване Артикулен № Име на библиотеката - собственик Име на библиотеката, в която се намира в момента Статус (Текущо местоположение) Дата на вписване в системата Местоположение - отдел Цена в лева Инвентарен номер Систематично азбучна сигнатура Баркод Номер на екземпляра Цена в евро Служебна бележка Служебен тип на артикула
  Не е изгубен Universal Decimal Classification Не е повреден без рестрикции заемане за дома 129602 Регионална библиотека "Любен Каравелов" Русе Регионална библиотека "Любен Каравелов" Русе Отдел Изкуство - подръчен фонд 2008-07-16 Отдел Изкуство - подръчен фонд 4.45 120000727478 78.071.1(092)/Р 11 120000727478 1 2.28 Дост: Pk Вид: Ф N: 4889 Дата: 14.07.2008 Дата инв: 06.04.2017 Бележки инв: ИП2017 Книги
  Не е изгубен Universal Decimal Classification Не е повреден без рестрикции заемане за дома 129603 Регионална библиотека "Любен Каравелов" Русе Регионална библиотека "Любен Каравелов" Русе Отдел Изкуство - подръчен фонд 2008-07-16 Отдел Изкуство - подръчен фонд 4.45 120000727479 78.071.1(092)/Р 11 120000727479 2 2.28 Дост: Pk Вид: Ф N: 4889 Дата: 14.07.2008 Дата инв: 05.06.2012 Бележки инв: * Книги
  Не е изгубен Universal Decimal Classification Не е повреден само за читалня ползва се в читалня 129604 Регионална библиотека "Любен Каравелов" Русе Регионална библиотека "Любен Каравелов" Русе Хранилище 2016-01-19 Основен фонд - ползва се само за читалня 4.90 120000796992 Цб І 38467 120000796992 3 2.51 Дост: DA Вид: А N: 1 Дата: 19.01.2016 Дата инв: 06.04.2017 Бележки инв: ИП2017 Книги
Vip Innovations Ltd, Rousse, Bulgaria 2025